Largest Area Countries: Southern Hemisphere - Statistics

General Stats
  • This quiz has been taken 46 times
  • The average score is 13 of 15
Answer Stats
Hint Answer % Correct
South America Argentina
98%
Oceania Australia
98%
South America Chile
95%
Africa South Africa
95%
Oceania Papua New Guinea
93%
Africa Namibia
91%
South America Peru
91%
South America Bolivia
88%
Africa Botswana
86%
Africa Madagascar
86%
South America Paraguay
86%
Africa Angola
84%
Africa Mozambique
84%
Africa Zambia
84%
Africa Tanzania
79%
No matching quizzes found
Score Distribution
Percent of People with Each Score
Percentile by Number Answered
Your Score History
You have not taken this quiz